00909nam a2200229 a 450000100100000000500170001000800410002702000150006804000250008304100390010808200130014710000190016024000570017924501060023626000570034230000210039949000360042053400820045650000740053870000310061283000360064300002505420200930023532.0110209s1987 ag r 000 0 spa d a9509432733 aDO-SdBNPbspacBNPHU17aspaheng2Código de idiomas MARC ann*bnn*1 aEich, Hermann.14aThe political theory of "the federalist".lEspañol13aLa teoría politíca de "el federalista" /cDavid F. Epstein ; traducción de Juan Carlos Gorlier. aBuenos Aires :bGrupo Editor Latinoamericano,c1987. a270 p. ;c23 cm.1 aEstudios Políticos y Sociales aTítulo del original en inglés :tThe political theory of "the federalist" aIncluye referencias bibliográficas y notas al pie de las páginas.1 aGorlier, Juan Carlos,etr. 0aEstudios Políticos y Sociales